000 00964nam a22003130a 4500
001 PT27558
003 AR-LpoUNG
005 20260115112150.0
008 191001s2008||||ag |||||||||||||||||spa d
020 _a9789876300148
_c$47,5
040 _aAR-LpoUNG
_bspa
_cAR-LpoUNG
_eaacr
041 _aspa
044 _aag
082 0 _aR413 228neo
100 1 _aAdelstein, Andreína
245 1 0 _a1300 neologismos en la prensa argentina
250 _a1ra. ed.
260 _aBuenos Aires :
_bUniversidad Nacional de General Sarmiento,
_c2008.
300 _a208 p. :
_bgráfs., tbls.
520 _aPequeño diccionario que recoge una muestra de palabras de creación reciente aparecidas en diarios de circulación nacional entre los años 2003 y 2005.
650 4 _aDICCIONARIOS
650 4 _aPRENSA
650 4 _aTERMINOLOGIA
651 4 _aArgentina
700 1 _aKuguel, Inés
700 1 _aResnik, Gabriela
905 _a27558
942 _cLSALA
_2ddc
999 _c20176
_d20176